000 00751nam a22001937a 4500
999 _c16941
_d16941
003 AR-CdUCM
008 190506b ||||| |||| 00| 0 spa d
040 _aMUNICIPALIDAD PROVINCIAL DEL CUSCO
_cBIBLIOTECA MUNICIPAL DEL CUSCO
082 _a792.01 /
_bW94
100 _aWright, Edward A
_925442
245 _aPara comprender el teatro actual :
_bCine, teatro y televisión /
260 _aMéxico :
_bFondo de Cultura Económica,
_c1962.
300 _a252 paginas ;
_c17 cm.
505 _aContenido :Una visión de teatro --El drama y el dramaturgo --La actuación y los actores --El trasfondo y los técnicos --La dirección y el director ...
650 _aArte
_9561
650 _aTeatro
_9173
942 _2ddc
_cLIBROS
945 _arjall
_d2019-05-06